2012 Speedway Grand Prix Finalists - Statistics

General Stats
  • This quiz has been taken 4 times
  • The average score is 11 of 17
Answer Stats
Finals Answer % Correct
4 Antonio Lindbäck
100%
6 Chris Holder
100%
2 Emil Sayfutdinov
100%
3 Fredrik Lindgren
100%
5 Nicki Pedersen
100%
6 Tomasz Gollob
100%
1 Chris Harris
67%
6 Greg Hancock
67%
2 Jarosław Hampel
67%
4 Jason Crump
67%
2 Andreas Jonsson
33%
1 Bartosz Zmarzlik
33%
1 Jurica Pavlic
33%
1 Krzysztof Kasprzak
33%
2 Martin Vaculík
33%
1 Michael Jepsen Jensen
33%
1 Thomas H. Jonasson
0%
No matching quizzes found
Score Distribution
Percent of People with Each Score
Percentile by Number Answered
Your Score History
You have not taken this quiz